[Event "ITA-ch U16"]
[Site "Montesilvano"]
[Date "2015.07.03"]
[Round "6"]
[White "Di Benedetto, Desiree"]
[Black "Bresciani, Daniela"]
[Result "1-0"]
[WhiteElo "2114"]
[BlackElo "1681"]
[PlyCount "33"]
[EventDate "2015.06.29"]
[EventType "swiss"]
[EventRounds "9"]
[EventCountry "ITA"]
[SourceTitle "EXT 2024"]
[Source "ChessBase"]
[SourceDate "2023.10.10"]
[SourceVersion "1"]
[SourceVersionDate "2023.10.10"]
[SourceQuality "1"]

1. e4 c5 2. Nf3 Nc6 3. Bb5 g6 4. Bxc6 bxc6 5. 0-0 Bg7 6. e5 Nh6 7. d3 Nf5 8. Nc3 Rb8 9. Rb1 Qa5 10. Bf4 Rb4 11. Bd2 Rb8 12. b3 Qc7 13. Re1 Nd4 14. Na4 Nxf3+ 15. Qxf3 Bxe5 16. Rxe5 Qxe5 17. Bf4 1-0

[Event "ITA-ch U14 Girls"]
[Site "Courmayeur"]
[Date "2013.07.04"]
[Round "7"]
[White "Scarpa, Silvia"]
[Black "Bresciani, Daniela"]
[Result "1-0"]
[WhiteElo "1753"]
[BlackElo "1628"]
[PlyCount "119"]
[EventDate "2013.06.30"]
[EventType "swiss"]
[EventRounds "9"]
[EventCountry "ITA"]
[SourceTitle "EXT 2015"]
[Source "ChessBase"]
[SourceDate "2014.11.20"]
[SourceVersion "1"]
[SourceVersionDate "2014.11.20"]
[SourceQuality "1"]

1. e4 c5 2. Nc3 Nc6 3. g3 g6 4. d3 Bg7 5. Be3 d6 6. Bg2 e6 7. Qd2 Rb8 8. Nge2 Nd4 9. Nc1 b5 10. 0-0 Ne7 11. Nd1 b4 12. c3 bxc3 13. bxc3 Ndc6 14. Bh6 0-0 15. Bxg7 Kxg7 16. d4 Ba6 17. Re1 cxd4 18. cxd4 d5 19. exd5 Nxd5 20. Ne3 Nce7 21. Nb3 Nxe3 22. fxe3 Nd5 23. Nc5 Bb7 24. Rab1 Ba8 25. Rxb8 Qxb8 26. Nd7 Qd8 27. Nxf8 Qxf8 28. Qa5 Qb8 29. Qd2 Qb5 30. Qf2 f5 31. Rf1 Bc6 32. g4 Nf6 33. Bxc6 Qxc6 34. gxf5 exf5 35. Qg2 Qb5 36. a4 Qa5 37. Qb7+ Kh6 38. Qe7 Ne4 39. Qe6 Qd2 40. Qb3 Qe2 41. Qd1 Qxe3+ 42. Kg2 Qg5+ 43. Kh1 Qh4 44. Qf3 Qd8 45. Qf4+ Kg7 46. Qe5+ Kg8 47. d5 Qa5 48. Qe6+ Kg7 49. d6 Qd8 50. Qe7+ Qxe7 51. dxe7 Kf7 52. Rc1 Kxe7 53. Rc7+ Kf6 54. Rxa7 h5 55. Rc7 f4 56. a5 f3 57. a6 Kg5 58. a7 Kg4 59. a8Q f2 60. Qxe4+ 1-0

[Event "ITA-ch U14 Girls"]
[Site "Courmayeur"]
[Date "2013.07.01"]
[Round "2"]
[White "Bresciani, Daniela"]
[Black "Di Benedetto, Desiree"]
[Result "1/2-1/2"]
[WhiteElo "1628"]
[BlackElo "1754"]
[PlyCount "81"]
[EventDate "2013.06.30"]
[EventType "swiss"]
[EventRounds "9"]
[EventCountry "ITA"]
[SourceTitle "EXT 2015"]
[Source "ChessBase"]
[SourceDate "2014.11.20"]
[SourceVersion "1"]
[SourceVersionDate "2014.11.20"]
[SourceQuality "1"]

1. d4 d5 2. c4 e6 3. Nf3 Nf6 4. Nc3 c6 5. Bg5 Nbd7 6. e3 dxc4 7. Bxc4 b5 8. Bd3 a6 9. 0-0 Be7 10. a3 Bb7 11. b4 a5 12. Qb3 axb4 13. axb4 0-0 14. Rfc1 Nd5 15. Bxe7 Qxe7 16. Nxd5 exd5 17. Nd2 Nb6 18. Rcb1 Nc4 19. Qc3 Nxd2 20. Qxd2 g6 21. Rc1 f5 22. g3 Qe6 23. Qc3 Qd6 24. h4 h6 25. Kg2 Kg7 26. Rh1 h5 27. Rhc1 Kf6 28. Be2 Rh8 29. Rh1 Qe7 30. Bd3 Rhb8 31. Rhc1 Qd6 32. Be2 Rh8 33. Rh1 Ke6 34. Bd3 Kd7 35. Be2 Rhb8 36. Rhc1 Bc8 37. Bd3 Bb7 38. Be2 Rg8 39. Bd3 Ke6 40. Rh1 Rgc8 41. Rhc1 1/2-1/2